000 00982nam a22002537a 4500
003 OSt
005 20260530115316.0
008 260506b20032006ag a|||| |||| 00| 0 spa d
020 _a9508891408
040 _aICI
_bspa
_cICI
041 _aspa
050 _aNK8907.A7
_bF53 1995
100 1 _aFiadone, Alejandro, Eduardo,
_eautor
_933754
245 1 3 _aEl diseño indígena argentino :
_buna aproximación estética a la iconografía precolombina /
_cAlejandro Eduardo Fiadone ; prólogo de Alejandro González Rex,
264 _aBuenos Aires :
_bLa marca,
_c2003
300 _a280 páginas :
_bilustraciones
_eincluye CD-ROM con los diseños
650 4 _aArte indígena
_zArgentina
_933755
650 4 _aDiseño indígena
_zArgentina
_933756
650 4 _aArtesanías indígenas
_zArgentina
_933757
650 4 _aArte popular
_zArgentina
_933758
650 4 _aMotivos decorativos indígenas
_933759
700 _aGonzález Rex, Alejandro,
_eprologuista
_933760
942 _2lcc
_cBK
_n1
999 _c13607
_d13607